00670nam a2200229Ia 450000500170000000800410001702000160005804000190007404100120009308200190010524500550012426000230017930000150020250400190021765000190023665100310025570000160028685000100030294200070031299900160031995201050033520230111110003.0131103s9999 xx 000 0 und d a046001795 0 aLoreto College aEnglish a821.4bMIL-BUR aMilton's Prose Writingcintroduction by K.M.Burton aLondonbDentc1974 axv,367 p.  aIncludes index aEnglish Poetry a17th Century Poet - Milton aBurton,K.M. aLCLIB cBK c4842d55321 00102ddc4070aMAINbMAINd2013-11-04l0o821.4 MIL-BUR 29064pB4709r2014-01-21w2013-11-04yBKf